Alle Top 16 Spieler der Order of Merit seit 2010 - Statistiken

Allgemein
  • Dieses Quiz wurde 219 mal gespielt
    27 seit der letzten Aktualisierung
  • Das Durchschnittsergebnis liegt bei 29 aus 57
Antwortstatistiken
Jahre Spieler Nation % Korrekt
- 2026 Martin Schindler Deutschland
100%
- 2025 Michael van Gerwen Niederlande
100%
- 2025 Gary Anderson Schottland
96%
- 2026 Gian van Veen Niederlande
96%
- 2025 Luke Humphries Humphries
96%
- 2025 Luke Littler England
96%
- 2025 Gerwyn Price Wales
92%
- 2025 Josh Rock Nordirland
92%
- 2024 Michael Smith England
92%
- 2026 Ross Smith England
92%
- 2025 Damon Heta Australien
88%
- 2024 Dimitri Van den Bergh Belgien
88%
- 2025 Jonny Clayton Wales
88%
- 2025 James Wade England
83%
- 2025 Peter Wright Schottland
83%
- 2018 Raymond van Barneveld Niederlande
83%
- 2020 Simon Whitlock Australien
83%
- 2025 Stephen Bunting England
83%
- 2018 Phil Taylor England
79%
- 2025 Chris Dobey England
75%
- 2020 Mensur Suljović Österreich
75%
- 2023 José de Sousa Portugal
71%
- 2022 Krzysztof Ratajski Polen
71%
- 2025 Rob Cross England
71%
- 2017 Kim Huybrechts Belgien
67%
- 2025 Nathan Aspinall England
67%
- 2021 Daryl Gurney Nordirland
63%
- 2025 Danny Noppert Niederlande
58%
- 2024 Dirk van Duijvenbode Niederlande
54%
- 2020 Adrian Lewis England
46%
- 2024 Joe Cullen England
42%
- 2015 Brendan Dolan Nordirland
38%
- 2014 Mervyn King England
38%
- 2017 Robert Thornton Schottland
38%
- 2021 Glen Durrant England
33%
- 2023 Ryan Searle England
33%
- 2025 Dave Chisnall England
29%
- 2021 Ian White England
29%
- 2015 Andy Hamilton England
21%
- 2019 Darren Webster England
21%
- 2013 Kevin Painter England
21%
- 2012 Mark Webster Wales
21%
- 2010 Steve Beaton England
21%
- 2016 Vincent van der Voort Niederlande
21%
- 2010 Dennis Priestley England
17%
- 2017 Jelle Klaasen Niederlande
17%
- 2014 Justin Pipe England
13%
- 2016 Terry Jenkins England
13%
- 2015 Wes Newton England
13%
- 2018 Benito van de Pas Niederlande
8%
- 2013 Paul Nicholson Australien
8%
- 2012 Colin Lloyd England
4%
- 2012 Mark Walsh England
4%
- 2011 Ronnie Baxter England
4%
- 2012 Wayne Jones England
4%
- 2018 Alan Norris England
0%
- 2010 Colin Osborne England
0%
Keine übereinstimmenden Quizze gefunden
Verteilung der Resultate
Anzahl Personen mit jedem Resultat
Perzentil nach korrekt beantworteten Fragen
Ihre Resultats-Entwicklung
Sie haben dieses Quiz seit der letzten Aktualisierung nicht gespielt